Shirt Suppliers for the 2026 FIFA World Cup - Statistics

General Stats
  • This quiz has been taken 32 times
  • The average score is 41 of 48
Answer Stats
Country Supplier % Correct
Algeria Adidas
100%
Argentina Adidas
100%
Belgium Adidas
100%
Colombia Adidas
100%
Curaçao Adidas
100%
Germany Adidas
100%
Japan Adidas
100%
Mexico Adidas
100%
Qatar Adidas
100%
Saudi Arabia Adidas
100%
Scotland Adidas
100%
South Africa Adidas
100%
Spain Adidas
100%
Sweden Adidas
100%
Australia Nike
100%
Brazil Nike
100%
Canada Nike
100%
Croatia Nike
100%
England Nike
100%
France Nike
100%
Netherlands Nike
100%
Norway Nike
100%
South Korea Nike
100%
Turkey Nike
100%
United States Nike
100%
Uruguay Nike
100%
Austria Puma
95%
Czech Republic Puma
95%
Egypt Puma
95%
Ghana Puma
95%
Ivory Coast Puma
95%
Morocco Puma
95%
New Zealand Puma
95%
Paraguay Puma
95%
Portugal Puma
95%
Senegal Puma
95%
Switzerland Puma
95%
DR Congo Umbro
82%
Tunisia Kappa
59%
Panama Reebok
55%
Ecuador Marathon
41%
Iraq Jako
36%
Bosnia and Herzegovina Kelme
36%
Jordan Kelme
36%
Haiti Saeta
27%
Iran Majid
18%
Uzbekistan 7Saber
14%
Cape Verde Tempo
14%
No matching quizzes found
Score Distribution
Percent of People with Each Score
Percentile by Number Answered
Your Score History
You have not taken this quiz